00786cam a2200205 a 450000100100000000500170001000800410002702000150006804000250008308200150010824501200012326000580024330000340030170000340033570000330036991000330040204900090043595201190044499900170056300002365820200930022357.0900918s1990 xxua 000 0 eng d a0962734802 aDO-SdBNPbspacBNPHU axxxxbT36700aAnd that's the way it is(n't) :ba reference guide to media bias /cedición L. Brent Bozell III y Brent H. Baker. aAlexandria, Virginia :bMedia Research Center,c1990. axvii, 339 p. :bil. ;c23 cm.1 aBozell, L. Brent,eed.9487421 aBaker, Brent H.,eed.948743 aCatalogación derivada / LC aBNGR 001054708MOaGRbGRcCTd2010-12-16iLF1l0oxxxx T367p23658-10r2020-06-25w2020-06-25y4ZPréstamo en sala c23154d23154